Introducción a la química macromolecular / (Record no. 50940)

MARC details
000 -LEADER
campo de control de longitud fija 00745nam a2200205 i 4500
001 - NÚMERO DE CONTROL
campo de control 50940
003 - IDENTIFICADOR DE NÚMERO DE CONTROL
campo de control ES-MaACL
005 - FECHA Y HORA DE LA ÚLTIMA TRANSACCIÓN
campo de control 20230906162250.0
007 - CAMPO FIJO DE DESCRIPCIÓN FÍSICA--INFORMACIÓN GENERAL
campo de control de longitud fija t|
008 - DATOS DE LONGITUD FIJA--INFORMACIÓN GENERAL
campo de control de longitud fija 030807s1973 sp ||||1| spa d
100 1# - ENTRADA PRINCIPAL--NOMBRE DE PERSONA
Nombre de persona Champetier, Georges.
9 (RLIN) 37916
245 10 - MENCIÓN DEL TÍTULO
Título Introducción a la química macromolecular /
Mención de responsabilidad, etc. Georges Champetier, Lucien Monnerie ; traducción Issa A. Katime Amashta, Luis Manuel León Isidro, Luis de los Santos Merelles.
260 ## - PUBLICACIÓN, DISTRIBUCIÓN, ETC.
Lugar de publicación, distribución, etc. Madrid :
Nombre del editor, distribuidor, etc. Espasa-Calpe,
Fecha de publicación, distribución, etc. 1973.
300 ## - DESCRIPCIÓN FÍSICA
Extensión 784 p. :
Otras características físicas il. ;
Dimensiones 25 cm.
700 1# - ENTRADA AGREGADA--NOMBRE PERSONAL
Nombre de persona Monnerie, Lucien.
9 (RLIN) 82240
700 1# - ENTRADA AGREGADA--NOMBRE PERSONAL
Nombre de persona Katime Amashta, Issa A.
9 (RLIN) 67620
700 1# - ENTRADA AGREGADA--NOMBRE PERSONAL
Nombre de persona León Isidro, Manuel.
9 (RLIN) 71626
700 1# - ENTRADA AGREGADA--NOMBRE PERSONAL
Nombre de persona Santos Merelles, Luis de.
9 (RLIN) 103515
852 ## - LOCALIZACIÓN
Ubicación ES-MaACL
Número de control de estantería C-55053
Sublocalización o colección R.87563
Holdings
Estatus retirado Estado de pérdida Estado de daño No para préstamo Biblioteca de origen Biblioteca actual Ubicación en estantería Fecha de adquisición Fuente de adquisición Total de préstamos Signatura topográfica completa Código de barras Visto por última vez Precio de reemplazo Tipo de ítem Koha
        Biblioteca del Ateneo de Madrid Biblioteca del Ateneo de Madrid Depósito 2 17/01/2008     C-55053 1053571 23/02/2023 23/02/2023 Libro impreso